African Capitals Ending in Vowels - Statistics

General Stats
  • This quiz has been taken 394 times
  • The average score is 38 of 44
Answer Stats
Capital % Correct
Cairo
99%
Abuja
96%
Addis Ababa
94%
Luanda
94%
Nairobi
94%
Accra
93%
Kigali
92%
Antananarivo
91%
Brazzaville
91%
Djibouti
91%
Kampala
91%
Lusaka
91%
Maputo
91%
Pretoria
91%
Sao Tome
91%
Juba
90%
Kinshasa
90%
Tripoli
90%
Harare
89%
Mogadishu
89%
Yaounde
89%
Asmara
88%
Lome
88%
Bangui
87%
Dodoma
87%
Libreville
86%
Monrovia
86%
Gaborone
85%
Ouagadougou
85%
Victoria
85%
Bamako
84%
Lilongwe
84%
Moroni
84%
Porto-Novo
84%
Praia
84%
Bissau
83%
N'Djamena
83%
Maseru
82%
Mbabane
82%
Yamoussoukro
82%
Malabo
79%
Niamey
78%
Conakry
74%
Bujumbura
58%
No matching quizzes found
Score Distribution
Percent of People with Each Score
Percentile by Number Answered
Your Score History
You have not taken this quiz